|
|
|
|
| LEADER |
01363nam a2200349 a 4500 |
| 001 |
19392 |
| 003 |
BD-DhAAL |
| 005 |
20140514105853.0 |
| 008 |
140514s1992 cau b s001 0 eng d |
| 010 |
|
|
|a 91021487
|
| 020 |
|
|
|a 8125004718
|
| 020 |
|
|
|a 0520074505 (cloth)
|
| 020 |
|
|
|a 0520074513 (paper)
|
| 040 |
|
|
|a DLC
|c DLC
|d DLC
|d BD-DhAAL
|
| 041 |
|
|
|a eng
|
| 082 |
0 |
0 |
|a 428/.02911
|2 20
|
| 999 |
|
|
|c 4683
|d 4683
|
| 999 |
|
|
|c 4683
|
| 100 |
1 |
|
|a Niranjana, Tejaswini,
|d 1958-
|9 4511
|
| 245 |
1 |
0 |
|a Siting translation :
|b history, post-structuralism, and the colonial context /
|c Tejaswini Niranjana.
|
| 260 |
|
|
|a Berkeley :
|b University of California Press, ;
|a Hyderabad :
|b Orient Longman
|c c1992.
|
| 300 |
|
|
|a xii, 203 p. ;
|c 22 cm.
|
| 504 |
|
|
|a Includes bibliographical references (p. 187-197) and index.
|
| 541 |
1 |
|
|e 00019392
|
| 650 |
|
0 |
|a Translating and interpreting.
|9 4512
|
| 650 |
|
0 |
|a Deconstruction.
|9 4513
|
| 650 |
|
0 |
|a Structuralism (Literary analysis)
|9 4514
|
| 650 |
|
0 |
|a Historicism.
|9 4515
|
| 650 |
|
0 |
|a Imperialism.
|9 2305
|
| 852 |
4 |
|
|a Ayesha Abed Library
|j General shelf
|
| 942 |
|
|
|2 ddc
|c BK
|
| 952 |
|
|
|0 0
|1 0
|2 ddc
|4 0
|6 428_029110000000000_NIR
|7 0
|9 4470
|a BRACUL
|b BRACUL
|c GEN
|d 2009-10-13
|e High Commisiion of India
|l 1
|o 428.02911 NIR
|p 3010019392
|r 2014-05-14
|s 2013-02-18
|t 1
|w 2009-10-18
|y BK
|x Transferred from ENH to Ayesha Abed library on 20/12/2023
|